Mame

Podrobná bibliografia
Korporácia: Tublatanka (hudobná skupina) (uci), Olympic (hudobná skupina) (uci), Modus (hudobná skupina) (uci), Plameňáci hudobná skupina (uci), Lunetic (hudobná skupina) (uci)
Ďalší autori: Rottrová, Marie, 1941- (roz), Lehotský, Ján, 1947- (roz), Kubišová, Marta, 1942- (roz), Neckář, Václav, 1943- (roz), Gombitová, Marika, 1956- (roz), Hammel, Pavol, 1948- (roz), Spálený, Petr, 1944- (roz), Gott, Karel, 1939-2019 (roz), Rezek, Petr (roz), Hegerová, Hana, 1931-2021 (roz), Schelinger, Jiří (roz), Rolincová, Darina, 1972- (roz), David, Michal, 1960- (roz), Sedlák, Peter, 1966- (gup)
Médium: Zvuková nahrávka
Jazyk:slovenčina
Fyzický popis:1 kompaktná platňa (63 min. 8 sek.) stereo
Vydavateľské údaje: Bratislava Sony Music/Bonton (Slovakia) 2001
Predmet:

MARC

LEADER 00000cjm a2200000 a 4500
001 vtls001416536
003 SK-MaSNL
005 20260504125755.0
008 130607s2001 xo g a 0 slo
015 |a SNBJ2001/03-02094 
035 |a SNK000371297 
040 |a SNK  |b slo  |c SNK  |e AACR2 
041 0 |a slo 
044 |a xo  |c SK 
080 |a 784.66:785.1(086.7)  |2 1981 
245 0 0 |a Mame  |h zvukový dokument 
260 |a Bratislava  |b Sony Music/Bonton (Slovakia)  |c 2001 
300 |a 1 kompaktná platňa (63 min. 8 sek.)  |b stereo 
500 |a Dizajn Peter Sedlák 
505 0 |a Obsahuje 16 piesní 
511 |a Spievajú M. Rottrová, J. Lehotský, M. Kubišová, V. Neckář, M. Gombitová, P. Hammel, P. Spálený, K. Gott, P. Rezek, H. Hegerová, J. Schelinger, D. Rolincová, M. David 
511 |a Účinkujú hudobné skupiny Tublatanka, Olympic, Modus, Plameňáci, Lunetic 
650 0 7 |a populárna hudba  |2 SNKPH  |9 3428 
655 7 |a kompaktné platne  |2 SNKPH  |9 70690 
700 1 |a Rottrová, Marie,  |d 1941-  |4 roz  |9 246343 
700 1 |a Lehotský, Ján,  |d 1947-  |4 roz  |9 105633 
700 1 |a Kubišová, Marta,  |d 1942-  |4 roz  |9 122452 
700 1 |a Neckář, Václav,  |d 1943-  |4 roz  |9 56005 
700 1 |a Gombitová, Marika,  |d 1956-  |4 roz  |9 98860 
700 1 |a Hammel, Pavol,  |d 1948-  |4 roz  |9 98858 
700 1 |a Spálený, Petr,  |d 1944-  |4 roz  |9 1638121 
700 1 |a Gott, Karel,  |d 1939-2019  |4 roz  |9 98862 
700 1 |a Rezek, Petr  |4 roz  |9 527168 
700 1 |a Hegerová, Hana,  |d 1931-2021  |4 roz  |9 111892 
700 1 |a Schelinger, Jiří  |4 roz  |9 454197 
700 1 |a Rolincová, Darina,  |d 1972-  |4 roz  |9 111902 
700 1 |a David, Michal,  |d 1960-  |4 roz  |9 87419 
700 1 |a Sedlák, Peter,  |d 1966-  |4 gup  |9 212476 
710 0 |a Tublatanka (hudobná skupina)  |4 uci  |9 32481 
710 0 |a Olympic (hudobná skupina)  |4 uci  |9 34442 
710 0 |a Modus (hudobná skupina)  |4 uci  |9 32288 
710 0 |a Plameňáci hudobná skupina  |4 uci  |9 346452 
710 0 |a Lunetic (hudobná skupina)  |4 uci  |9 30186 
999 |c 898505  |d 900435 
952 |t P60, <03>, [BOOK], {603}  |a SNK  |b SNK  |y PREZ  |7 0  |p 17A0307200  |o snkSCD 1182  |i snkJK 596/2001  |0 0  |1 0  |4 0  |d 2001-07-10  |l 0  |r 2005-01-02 00:00:00  |w 2026-02-24